000 00439 a2200109 4500
001 ART_8032
005 20260410161639.0
008 260409a
245 1 0 _aOperaciones de "leasing". Tratamiento impositivo aplicable a los contratos anteriores a la Ley 24441. Reciente opinión del Tribunal Fiscal de la Nación
100 1 _aCalcagno, Gabriel A
773 0 _tConsultor tributario
_g- Vol. 2, Nº 23 (ene. 2009)
_wREV474
999 _c13146
_d13146